| 000 | 00569nam a22002177a 4500 | ||
|---|---|---|---|
| 003 | OSt | ||
| 005 | 20140310181920.0 | ||
| 008 | 130718t xxu||||| |||| 00| 0 eng d | ||
| 020 | _a0141026391 | ||
| 050 |
_aPR 1583 _b.Al374 2001 |
||
| 082 |
_aTR 829 _bAl3 2001 |
||
| 100 |
_aAlexander, Michael _91482 |
||
| 245 |
_aBeowulf / _cMichael Alexander |
||
| 260 |
_aEngland : _bPenguin Epics, _cc2001. |
||
| 300 |
_a116 p. _c18 cm. |
||
| 521 | _aFaculty | ||
| 541 | _j1 | ||
| 562 | _e1 | ||
| 650 |
_aEpicpoetry, English (Old) _91483 |
||
| 942 |
_2lcc _cBK-TR _kTR |
||
| 999 |
_c6931 _d6931 |
||